Statistics for 2019 Monster Energy NASCAR Cup Series Drivers

Click here to take the quiz!

General Stats

  • This quiz has been taken 13 times
    (9 since last reset)
  • The average score is 34 of 42

Answer Stats

#TeamAnswer% Correct
3Richard Childress RacingAustin Dillon
100%
9Hendrick MotorsportsChase Elliott
100%
8Richard Childress RacingDaniel Hemric
100%
1Chip Ganassi RacingKurt Busch
100%
18Joe Gibbs RacingKyle Busch
100%
19Joe Gibbs RacingMartin Truex Jr
100%
17Roush Fenway RacingRicky Stenhouse Jr
100%
12Team PenskeRyan Blaney
100%
47JTG Daughtery RacingRyan Preece
100%
13Germain RacingTy Dillon
100%
24Hendrick MotorsportsWilliam Byron
100%
88Hendrick MotorsportsAlex Bowman
86%
10Stewart-Haas RacingAric Almirola
86%
2Team PenskeBrad Keselowski
86%
37JTG Daughtery RacingChris Buescher
86%
14Stewart-Haas RacingClint Bowyer
86%
52Rick Ware RacingCody Ware
86%
32Go Fas RacingCorey LaJoie
86%
11Joe Gibbs RacingDenny Hamlin
86%
20Joe Gibbs RacingErik Jones
86%
48Hendrick MotorsportsJimmie Johnson
86%
22Team PenskeJoey Logano
86%
4Stewart-Haas RacingKevin Harvick
86%
42Chip Ganassi RacingKyle Larson
86%
34Front Row MotorsportsMichael McDowell
86%
21Wood Brothers RacingPaul Menard
86%
6Roush Fenway RacingRyan Newman
86%
43Richard Petty MotorsportsBubba Wallace
71%
41Stewart-Haas RacingDaniel Suarez
71%
38Front Row MotorsportsDavid Ragan
71%
77*Spire MotorsportsJustin Haley
71%
00StarCom RacingLandon Cassill
71%
95Leavine Family RacingMatt DiBenedetto
71%
36Front Row MotorsportsMatt Tifft
71%
15Premium MotorsportsRoss Chastain
71%
62*Beard-Oil MotorsportsBrendan Gaughan
57%
40*Spire MotorsportsJamie McMurray
57%
27*Premium MotorsportsReed Sorenson
57%
66*MBM MotorsportsTimmy Hill
57%
51Rick Ware RacingBJ McLeod
43%
53*Rick Ware RacingJosh Bilicki
43%
96*Gaunt Brothers RacingParker Kligerman
43%

Score Distribution

Percentile by Number Answered

Percent of People with Each Score

Your Score History

You have not taken this quiz since the last reset